الفكر السياسي الإسلامي بين إشكاليات المنهج والسياسة / (Record no. 22369)
[ view plain ]
| 000 -الفاتح | |
|---|---|
| حقل البيانات ثابتة الطول | 01805nam a22002775a 4500 |
| 003 - محدد رقم الضبط | |
| رقم الضبط | OSt |
| 005 - وقت وتاريخ اخر تعامل مع التسجيلة | |
| رقم الضبط | 20160921125612.0 |
| 008 - عناصر البيانات ثابتة الطول - معلومات عامة | |
| حقل البيانات ثابتة الطول | 160921s2015 ua frb 000 0 ara d |
| 015 ## - | |
| -- | 2015/10905 |
| 020 ## - الرقم الدولى المعيارى للكتب | |
| الرقم الدولى المعيارى للكتاب | 9789771031505 |
| 040 ## - مصدر الفهرسة | |
| وكالة الفهرسة الأصلية | EG-ScBUE |
| لغة الفهرسة | ara |
| وكالة النسخ | EG-ScBUE |
| 043 ## - رمز المنطقة الجغرافية | |
| رمز المنطقة الجغرافية | f-ua--- |
| 082 04 - رقم تصنيف ديوى العشرى | |
| رقم التصنيف | 320.557 |
| رقم المادة | م ص ط |
| رقم الطبعة | 22 |
| 100 1# - المدخل الرئيسى - إسم شخصى | |
| الإسم الشخصى | مصطفى، نيفين عبد الخالق. |
| 9 (RLIN) | 41132 |
| 245 14 - بيان العنوان | |
| العنوان | الفكر السياسي الإسلامي بين إشكاليات المنهج والسياسة / |
| بيان المسئوليه,etc | نيفين عبد الخالق مصطفى. |
| 250 ## - بيان الطبعة | |
| بيان الطبعة | ط. 1. |
| 260 ## - PUBLICATION, DISTRIBUTION, ETC. (IMPRINT) | |
| مكان الناشر او الموزع | القاهرة : |
| اسم الناشر او الموزع | دار الفكر العربي، |
| تاريخ النشر أو التوزيع | 2015. |
| 300 ## - الوصف المادى | |
| التعداد | 368 ص. ؛ |
| أبعاد الوعاء | 24 سم. |
| 504 ## - تبصرة ببليوجرافية | |
| تبصرة ببليوجرافية,الخ | يشتمل على إرجاعات ببليوجرافية. |
| 520 0# - التبصرة الخاصة بالتعليق أو التلخيص | |
| ملخص,الخ | هذا الكتاب هو تلبية لحاجة القارئ والدارس الباحث في الشأن السياسي الإسلامي من حيث :<br/>1- التعرف على الفكر السياسي الإسلامي ومصطلحاته ومناهجه وإطاره المرجعي.<br/>2- فهم الظاهرة السياسية الإسلامية بين الماضي والحاضر، كما يعرف بالمفهوم الإسلامي ومعيار الإسلامية<br/>3- شرح أصول هذا الفكر ونظرياته واتجاهاته المتعددة، الدينية والفقهية فضلا عن الفلسفية والسلوكية الأخلاقية منها والصوفية.<br/>4- بيان مراحل تطور هذا الفكر والتعرض لبحث مستقبل لما يعرف ب "الإسلام السياسي". |
| 650 #7 - المدخل الاضافى بالموضوع-مصطلح موضوعى | |
| مصطلح موضوعي أو اسم جغرافي كعنصر مدخل | الإسلام والسياسة. |
| مصدر الرأس أو المصطلح | BUEsh |
| 9 (RLIN) | 13370 |
| 650 #7 - المدخل الاضافى بالموضوع-مصطلح موضوعى | |
| مصطلح موضوعي أو اسم جغرافي كعنصر مدخل | الإسلام والإصلاح السياسي. |
| مصدر الرأس أو المصطلح | BUEsh |
| 9 (RLIN) | 41133 |
| 651 ## - المدخل الاضافى بالموضوع - اسم جغرافى | |
| مصدر الرأس أو المصطلح | BUEsh |
| 653 ## - مصطلح تكشيفى غير مقيد | |
| Resource For college | Law |
| Arrived date list | September2016 |
| 942 ## - عناصر المدخل الإضافي( كوها) | |
| مصدر التصنيف او مخطط الترفيف | Dewey Decimal Classification |
| حالة التراجع | حالة الفقد | مصدر التصنيف او خطة الترفيف | حالة تلف | ليس للاعارة | مجموعات كوها | المكان الدائم | المكان الحالي | موقع الترفيف | تاريخ الاكتساب | Source of acquisition | سعر الشراء الطبيعي | تعداد مسلسل / التسلسل الزمني | رقم الاستدعاء | الباركود | Date last seen | التكلفة | نوع الوعاء | مُعار |
|---|---|---|---|---|---|---|---|---|---|---|---|---|---|---|---|---|---|---|
| Dewey Decimal Classification | دار الفكر العربي | Central Library | Central Library | First floor | 21/09/2016 | Purchase | 92.00 | 15884 | 320.557 م ص ط | 000033623 | 15/07/2025 | 115.00 | Book - Borrowing | |||||
| Dewey Decimal Classification | دار الفكر العربي | Central Library | Central Library | First floor | 21/09/2016 | Purchase | 92.00 | 15884 | 320.557 م ص ط | 000033624 | 15/07/2025 | 115.00 | Book - Borrowing | 22/06/2021 |